[Event "Qatar Masters Open 2015"]
[Site "Doha QAT"]
[Date "2015.12.29"]
[Round "9.59"]
[White "Fang, Yuxiang"]
[Black "Li, Ruofan"]
[Result "1/2-1/2"]
[WhiteElo "2438"]
[BlackElo "2372"]
[PlyCount "126"]
[EventDate "2015.12.20"]
[EventType "swiss"]
[EventRounds "9"]
[EventCountry "QAT"]
[Source "lmi"]
[SourceDate "2015.12.20"]

1. Nf3 Nf6 2. c4 e6 3. g3 d5 4. Bg2 dxc4 5. Qa4+ Nbd7 6. O-O a6 7. Nc3 c5 8.
Ne5 Rb8 9. Nxd7 Qxd7 10. Qxc4 b5 11. Qb3 c4 12. Qc2 Bb7 13. Bxb7 Qxb7 14. b3
cxb3 15. axb3 Bb4 16. Qa2 a5 17. Ba3 O-O 18. Bxb4 axb4 19. Nd1 Ra8 20. Qb2 Rxa1
21. Qxa1 Qd5 22. Qb2 Ne4 23. d3 Nc5 24. Ne3 Qxb3 25. Rb1 Qxb2 26. Rxb2 Na6 27.
Nc2 Rc8 28. Nxb4 Rc1+ 29. Kg2 Nc7 30. d4 Kf8 31. Nd3 Rc4 32. e3 Ke7 33. Ra2 f6
34. Ra7 Kd6 35. Rb7 g5 36. Rb8 h6 37. Rh8 b4 38. Rxh6 b3 39. Rh8 Na6 40. Ra8
Nb4 41. Nb2 Rc2 42. Rb8 Nd5 43. Rxb3 Nxe3+ 44. Rxe3 Rxb2 45. h4 gxh4 46. gxh4
Rb5 47. Kg3 Rd5 48. Rd3 Ke7 49. Kf4 e5+ 50. Ke4 Ke6 51. dxe5 Rxe5+ 52. Kf4 Kf7
53. Rg3 Ra5 54. Kg4 Kg6 55. f4 Kh6 56. f5 Ra4+ 57. Kf3 Rxh4 58. Rg6+ Kh5 59.
Ke3 Ra4 60. Rxf6 Kg5 61. Rf8 Rb4 62. f6 Kg6 63. f7 Kg7 1/2-1/2

[Event "Qatar Masters Open 2015"]
[Site "Doha QAT"]
[Date "2015.12.29"]
[Round "9.60"]
[White "Padmini, Rout"]
[Black "Bartel, Marta"]
[Result "1-0"]
[WhiteElo "2437"]
[BlackElo "2271"]
[PlyCount "95"]
[EventDate "2015.12.20"]
[EventType "swiss"]
[EventRounds "9"]
[EventCountry "QAT"]
[Source "lmi"]
[SourceDate "2015.12.20"]

1. e4 c5 2. Nf3 d6 3. d4 cxd4 4. Nxd4 Nf6 5. Nc3 Nc6 6. Bg5 Qb6 7. Nb3 e6 8.
Qe2 Be7 9. O-O-O O-O 10. h4 Rd8 11. g4 Qc7 12. Bd2 d5 13. g5 Nxe4 14. Nxe4 dxe4
15. Qxe4 Qe5 16. Bd3 Qxe4 17. Bxe4 Bd7 18. Na5 Be8 19. Nxb7 Rd4 20. f3 Rb8 21.
Na5 Nxa5 22. Bxa5 Ra4 23. Bc7 Rc8 24. Bd6 Bxd6 25. Rxd6 Rxa2 26. Kb1 Ra5 27. b3
Kf8 28. Kb2 Ke7 29. Rdd1 h6 30. Ra1 Rxa1 31. Rxa1 Rc7 32. c4 f6 33. f4 Bd7 34.
Kc3 Bc8 35. b4 hxg5 36. hxg5 Bd7 37. Kd4 Be8 38. b5 Bd7 39. Bd3 Bc8 40. c5 e5+
41. fxe5 fxe5+ 42. Kc4 Be6+ 43. Kb4 Bd5 44. Bf5 Kf7 45. Re1 Re7 46. c6 Ke8 47.
Kc5 Bf3 48. Kd6 1-0

[Event "Qatar Masters Open 2015"]
[Site "Doha QAT"]
[Date "2015.12.29"]
[Round "9.61"]
[White "Slavin, Alexey"]
[Black "Pourkashiyan, Atousa"]
[Result "0-1"]
[WhiteElo "2388"]
[BlackElo "2322"]
[PlyCount "50"]
[EventDate "2015.12.20"]
[EventType "swiss"]
[EventRounds "9"]
[EventCountry "QAT"]
[Source "lmi"]
[SourceDate "2015.12.20"]

1. c4 Nf6 2. g3 c5 3. Bg2 g6 4. Nc3 Bg7 5. e3 d6 6. Nge2 O-O 7. O-O e5 8. d4
cxd4 9. exd4 Nc6 10. dxe5 dxe5 11. Be3 Bf5 12. Qa4 Nd4 13. Bxd4 exd4 14. Nb5
Ne4 15. Rad1 d3 16. Nec3 Nxc3 17. Nxc3 Bg4 18. Rd2 Bh6 19. f4 Qd4+ 20. Rff2
Rfe8 21. h3 Re1+ 22. Kh2 Be2 23. Ne4 f5 24. Qa5 fxe4 25. Rdxe2 Rxe2 0-1

[Event "Qatar Masters Open 2015"]
[Site "Doha QAT"]
[Date "2015.12.29"]
[Round "9.62"]
[White "Pratyusha, Bodda"]
[Black "Ezat, Mohamed"]
[Result "1-0"]
[WhiteElo "2260"]
[BlackElo "2490"]
[PlyCount "105"]
[EventDate "2015.12.20"]
[EventType "swiss"]
[EventRounds "9"]
[EventCountry "QAT"]
[Source "lmi"]
[SourceDate "2015.12.20"]

1. d4 Nf6 2. c4 g6 3. Nc3 Bg7 4. e4 d6 5. Be2 O-O 6. Be3 c5 7. e5 Ne8 8. dxc5
Bxe5 9. cxd6 Qxd6 10. Qxd6 Nxd6 11. Nd5 Nc6 12. O-O-O Nf5 13. Bc5 b6 14. Ba3
Bb7 15. Bf3 Rab8 16. Be4 Rfc8 17. Nf3 Bg7 18. Bxf5 gxf5 19. Bxe7 Nd4 20. Nxd4
Bxd5 21. b3 b5 22. c5 Bh6+ 23. Kb2 Bg7 24. Bd6 Rb7 25. Rhe1 Rd7 26. Be5 Rxc5
27. Nxf5 Bf8 28. Re3 h5 29. b4 Rc4 30. Red3 Rxb4+ 31. Ka1 f6 32. Bc3 Rc4 33.
Ne3 Be4 34. Rxd7 Rxc3 35. Nd5 Bxd5 36. R7xd5 a6 37. Kb2 Rc6 38. R1d3 h4 39.
R5d4 Bc5 40. Rxh4 Bxf2 41. Rg4+ Kf7 42. h4 Rc5 43. Rf4 Be1 44. Rdf3 Rc6 45. h5
Bd2 46. Re4 Rc5 47. g4 a5 48. Rd3 Bc1+ 49. Kb1 Kg7 50. Re6 Bg5 51. Rd7+ Kh6 52.
Re8 Bc1 53. Rg8 1-0

[Event "Qatar Masters Open 2015"]
[Site "Doha QAT"]
[Date "2015.12.29"]
[Round "9.63"]
[White "Siva, Mahadevan"]
[Black "Bivol, Alina"]
[Result "0-1"]
[WhiteElo "2400"]
[BlackElo "2344"]
[PlyCount "104"]
[EventDate "2015.12.20"]
[EventType "swiss"]
[EventRounds "9"]
[EventCountry "QAT"]
[Source "lmi"]
[SourceDate "2015.12.20"]

1. d4 Nf6 2. c4 g6 3. f3 Bg7 4. e4 d6 5. Be3 O-O 6. Ne2 a6 7. Nec3 Nc6 8. Na3
e5 9. d5 Nd4 10. Nc2 c5 11. dxc6 Nxc2+ 12. Qxc2 bxc6 13. Rd1 Qc7 14. Be2 Be6
15. O-O d5 16. Na4 d4 17. Bc1 Nd7 18. b3 f5 19. Bd3 Rf7 20. Rde1 Bf8 21. exf5
gxf5 22. c5 Bg7 23. Bf4 a5 24. Bg3 Re8 25. Nb6 Nxb6 26. cxb6 Qd6 27. Re2 h6 28.
Rfe1 f4 29. Bh4 Rb7 30. g3 Rf8 31. g4 Rxb6 32. g5 Bh3 33. Kf2 c5 34. Rg1 h5 35.
g6 Be6 36. Rg5 a4 37. Bc4 axb3 38. axb3 Rb4 39. Bxe6+ Qxe6 40. Qxc5 Rxb3 41.
Rexe5 Rb2+ 42. Kg1 Bxe5 43. Rxe5 Rc8 44. Rxe6 Rxc5 45. Re1 Rc6 46. Bf2 Rxg6+
47. Kf1 Rd6 48. Re8+ Kf7 49. Re4 d3 50. Rxf4+ Kg6 51. Bd4 d2 52. Ke2 Rb4 0-1

[Event "Qatar Masters Open 2015"]
[Site "Doha QAT"]
[Date "2015.12.29"]
[Round "9.64"]
[White "Piasetski, Leon"]
[Black "Konguvel, Ponnuswamy"]
[Result "1/2-1/2"]
[WhiteElo "2287"]
[BlackElo "2377"]
[PlyCount "60"]
[EventDate "2015.12.20"]
[EventType "swiss"]
[EventRounds "9"]
[EventCountry "QAT"]
[Source "lmi"]
[SourceDate "2015.12.20"]

1. Nf3 Nf6 2. c4 g6 3. Nc3 Bg7 4. e4 d6 5. d4 O-O 6. h3 e5 7. d5 Nh5 8. g3 f5
9. exf5 gxf5 10. Ng5 Qe8 11. Ne6 Bxe6 12. dxe6 Nf6 13. Nd5 Na6 14. e7 Rf7 15.
Be2 Nxd5 16. Qxd5 c6 17. Qxd6 Rxe7 18. O-O Rd8 19. Qa3 f4 20. Bh5 Qf8 21. gxf4
c5 22. Qg3 Kh8 23. Be3 exf4 24. Bxf4 Bxb2 25. Rad1 Rg7 26. Bg4 Bf6 27. Rxd8
Qxd8 28. Rd1 Qxd1+ 29. Bxd1 Rxg3+ 30. Bxg3 Nb4 1/2-1/2

[Event "Qatar Masters Open 2015"]
[Site "Doha QAT"]
[Date "2015.12.29"]
[Round "9.65"]
[White "Christiansen, Johan-Sebastian"]
[Black "Goriatchkin, Jouri"]
[Result "1-0"]
[WhiteElo "2385"]
[BlackElo "2318"]
[PlyCount "109"]
[EventDate "2015.12.20"]
[EventType "swiss"]
[EventRounds "9"]
[EventCountry "QAT"]
[Source "lmi"]
[SourceDate "2015.12.20"]

1. c4 e6 2. g3 d5 3. Bg2 Nf6 4. Nf3 Be7 5. d4 O-O 6. O-O dxc4 7. Qc2 a6 8. a4
Nbd7 9. Nbd2 Nb6 10. Rd1 Nfd5 11. a5 Nb4 12. Qb1 N6d5 13. Nxc4 b5 14. axb6 cxb6
15. e4 Nf6 16. Ng5 g6 17. e5 Nfd5 18. Ne4 f5 19. exf6 Bxf6 20. Bh6 Bg7 21. Bxg7
Kxg7 22. h4 Ra7 23. h5 gxh5 24. Ne5 Rc7 25. Rd2 Bd7 26. Qd1 Be8 27. Rc1 Rxc1
28. Qxc1 Bg6 29. Re2 Bf5 30. Ng5 h6 31. Ngf7 Rxf7 32. Qxh6+ Kxh6 33. Nxf7+ Kg6
34. Nxd8 Kf6 35. Be4 Bxe4 36. Rxe4 Nc7 37. Re5 Nd3 38. Rxh5 Kg6 39. g4 Nxb2 40.
Nc6 a5 41. Ne5+ Kg7 42. Rg5+ Kh7 43. Nd7 Nc4 44. f4 Nd5 45. Nf8+ Kh8 46. Nxe6
Nce3 47. Kf2 a4 48. Kf3 a3 49. Rg7 Nc4 50. Ra7 Na5 51. g5 a2 52. f5 Nf6 53.
gxf6 a1=Q 54. Ra8+ Kh7 55. Ng5+ 1-0